<?xml version="1.0" encoding="UTF-8"?>
<record
    xmlns:xsi="http://www.w3.org/2001/XMLSchema-instance"
    xsi:schemaLocation="http://www.loc.gov/MARC21/slim http://www.loc.gov/standards/marcxml/schema/MARC21slim.xsd"
    xmlns="http://www.loc.gov/MARC21/slim">

  <leader>01033naa a2200169 i 4500</leader>
  <controlfield tag="001">8999</controlfield>
  <controlfield tag="003">KOSZ 005</controlfield>
  <controlfield tag="005">20180314133830.0</controlfield>
  <controlfield tag="008">150518s2000    pl  |  |     |000 ||pol</controlfield>
  <datafield tag="040" ind1=" " ind2=" ">
    <subfield code="c">BPK</subfield>
    <subfield code="d">KOSZ 005/EG</subfield>
  </datafield>
  <datafield tag="080" ind1=" " ind2=" ">
    <subfield code="a">338.43</subfield>
  </datafield>
  <datafield tag="100" ind1="1" ind2=" ">
    <subfield code="a">B&#x141;A&#x17B;EJOWSKA, Ma&#x142;gorzata.</subfield>
    <subfield code="d">1996 - .</subfield>
    <subfield code="b">Politechnika Koszali&#x144;ska - Instytut Zarz&#x105;dzania i Marketingu,</subfield>
    <subfield code="c">Zesp&#xF3;&#x142; Naukowo-Dydaktyczny Nauk Prawnych</subfield>
  </datafield>
  <datafield tag="245" ind1="1" ind2="0">
    <subfield code="a">Pomoc przedakcesyjna Unii Europejskiej dla przekszta&#x142;ce&#x144; w&#x142;asno&#x15B;ciowych i strukturalnych polskiego rolnictwa / </subfield>
    <subfield code="c">Ma&#x142;gorzata B&#x142;a&#x17C;ejowska.</subfield>
  </datafield>
  <datafield tag="650" ind1=" " ind2="0">
    <subfield code="a">Rolnictwo.</subfield>
  </datafield>
  <datafield tag="773" ind1="0" ind2=" ">
    <subfield code="i">W :</subfield>
    <subfield code="t">&#x15A;rodowisko przyrodnicze i gospodarka Dolnego &#x15A;l&#x105;ska u progu Trzeciego Tysi&#x105;clecia : 49 Zjazd Polskiego Towarzystwa Geograficznego, Szklarska Por&#x119;ba 20-24 wrze&#x15B;nia 2000 r. : streszczenia referat&#xF3;w, komunikat&#xF3;w i poster&#xF3;w / [red. tomu Jan Tomaszewski] ; Oddzia&#x142; Wroc&#x142;awski Polskiego Towarzystwo Geograficznego, Instytut Geograficzny Uniwersytetu Wroc&#x142;awskiego. -</subfield>
    <subfield code="d">Wroc&#x142;aw : OW PTG, 2000</subfield>
  </datafield>
  <datafield tag="942" ind1=" " ind2=" ">
    <subfield code="c">ROZ</subfield>
    <subfield code="2">UKD</subfield>
  </datafield>
  <datafield tag="999" ind1=" " ind2=" ">
    <subfield code="c">8999</subfield>
    <subfield code="d">8999</subfield>
  </datafield>
</record>
